000 00558cab a2200169 4500
001 L129515
008 050426n2005 000 0 eng u
035 _a(Sirsi) u129515
041 _aeng
245 _aLost property
260 _c2005
490 _aOECD Observer
_v(246/247) December 2004-January 2005, 9(1)
520 _aDiscusses the decline in the Japanese housing market with statistics taken from the Japan Real Estate Institute and the OECD economic survey of Japan.
590 _aIKA290405
690 _aPROPERTY-PROPERTY MARKET
942 _n0
999 _c75141
_d75141